<?xml version="1.0" encoding="UTF-8"?>
<record
    xmlns:xsi="http://www.w3.org/2001/XMLSchema-instance"
    xsi:schemaLocation="http://www.loc.gov/MARC21/slim http://www.loc.gov/standards/marcxml/schema/MARC21slim.xsd"
    xmlns="http://www.loc.gov/MARC21/slim">

  <leader>00857nam a2200217Ia 4500</leader>
  <controlfield tag="005">20230818111641.0</controlfield>
  <controlfield tag="008">210805s9999    xx            000 0 und d</controlfield>
  <datafield tag="020" ind1=" " ind2=" ">
    <subfield code="a">9781868426799"</subfield>
    <subfield code="q">pbk</subfield>
  </datafield>
  <datafield tag="040" ind1=" " ind2=" ">
    <subfield code="a">RDA</subfield>
    <subfield code="c">33228</subfield>
  </datafield>
  <datafield tag="041" ind1=" " ind2=" ">
    <subfield code="2">E</subfield>
    <subfield code="a">Eng</subfield>
  </datafield>
  <datafield tag="082" ind1=" " ind2=" ">
    <subfield code="2">23</subfield>
    <subfield code="a">321.80968 MAL</subfield>
  </datafield>
  <datafield tag="100" ind1=" " ind2=" ">
    <subfield code="a">Malala Justice</subfield>
  </datafield>
  <datafield tag="245" ind1=" " ind2="0">
    <subfield code="a">We have now begun our descent:</subfield>
    <subfield code="b">How to stop South Africa losing its way</subfield>
  </datafield>
  <datafield tag="260" ind1=" " ind2=" ">
    <subfield code="a">Jeppestown, South Africa</subfield>
    <subfield code="b">Jonathan Ball Publishers</subfield>
    <subfield code="c">2015</subfield>
  </datafield>
  <datafield tag="300" ind1=" " ind2=" ">
    <subfield code="a">6 [unnumbered pages]; 7-256 pages</subfield>
    <subfield code="c">24 centimeters</subfield>
  </datafield>
  <datafield tag="600" ind1=" " ind2=" ">
    <subfield code="a">Malala, J</subfield>
    <subfield code="q">Justice Malala</subfield>
    <subfield code="t">We have now begun our descent;</subfield>
    <subfield code="v">How to stop South Africa losing its way</subfield>
    <subfield code="z">South Africa</subfield>
    <subfield code="9">181119</subfield>
  </datafield>
  <datafield tag="700" ind1=" " ind2=" ">
    <subfield code="a">Botha, M</subfield>
    <subfield code="e">Cover</subfield>
    <subfield code="q">Michiel Botha</subfield>
    <subfield code="9">181121</subfield>
  </datafield>
  <datafield tag="700" ind1=" " ind2=" ">
    <subfield code="a">Jacobs, N</subfield>
    <subfield code="e">Design and typesetting</subfield>
    <subfield code="q">Nazli Jacobs</subfield>
    <subfield code="9">181122</subfield>
  </datafield>
  <datafield tag="942" ind1=" " ind2=" ">
    <subfield code="y">416</subfield>
    <subfield code="z">Yoliswa Sabana</subfield>
  </datafield>
  <datafield tag="942" ind1=" " ind2=" ">
    <subfield code="c">BOOK</subfield>
    <subfield code="2">ddc</subfield>
    <subfield code="k">321.80968</subfield>
    <subfield code="m">MAL</subfield>
  </datafield>
  <datafield tag="999" ind1=" " ind2=" ">
    <subfield code="c">57685</subfield>
    <subfield code="d">57684</subfield>
  </datafield>
  <datafield tag="952" ind1=" " ind2=" ">
    <subfield code="0">0</subfield>
    <subfield code="1">0</subfield>
    <subfield code="2">ddc</subfield>
    <subfield code="4">0</subfield>
    <subfield code="7">0</subfield>
    <subfield code="a">MBOML</subfield>
    <subfield code="b">MBOML</subfield>
    <subfield code="d">2023-08-18</subfield>
    <subfield code="l">1</subfield>
    <subfield code="o">23 321.80968 MAL</subfield>
    <subfield code="p">33228024856906</subfield>
    <subfield code="r">2023-08-18</subfield>
    <subfield code="s">2023-08-18</subfield>
    <subfield code="w">2023-08-18</subfield>
    <subfield code="y">BOOK</subfield>
  </datafield>
</record>
